000 00627nam a2200241Ia 4500
003 OSt
005 20221005132031.0
006 a|||||r|||| 00| 0
007 ta
008 221004b |||||||| |||| 00| 0 eng d
024 _a51214
037 _cTextual
040 _aCRL
_cCRL
_beng
041 _2eng
_aeng
082 _aQ4, J5;1
100 _aBurtt E. A. Ed.
_9321489
245 0 _aTeaching of the compassionate Buddha
260 _c1955
490 _a(Mentor religious classic,ed.by James Reeves,).
650 _aRELIGION
942 _hQ4, J5;1
_cTEXL
_2cc
999 _c1062238
_d1062238